First Generation Pokémon Without Vowels (Random Quiz) - Statistics

General Stats
  • This quiz has been taken 33 times
  • The average score is 14 of 20
Answer Stats
Hints Pokémon (First Generation) % Correct
lkzm Alakazam
100%
rbk Arbok
100%
rtcn Articuno
100%
Bllsprt Bellsprout
100%
Blsts Blastoise
100%
Chrmndr Charmander
100%
Chrmln Charmeleon
100%
Clfbl Clefable
100%
Clfr Clefairy
100%
Dgltt Diglett
100%
Dtt Ditto
100%
Drgnr Dragonair
100%
kns Ekans
100%
lctrd Electrode
100%
xggct Exeggcute
100%
xggtr Exeggutor
100%
Frw Fearow
100%
Gstl Gastly
100%
Glbt Golbat
100%
Gldn Goldeen
100%
Gldck Golduck
100%
Grwlth Growlithe
100%
Htmnl Hitmonlee
100%
Jltn Jolteon
100%
Kbtps Kabutops
100%
Kdbr Kadabra
100%
Kngskhn Kangaskhan
100%
Knglr Kingler
100%
Kffng Koffing
100%
Lcktng Lickitung
100%
Mchk Machoke
100%
Mchp Machop
100%
Mgkrp Magikarp
100%
Mgntn Magneton
100%
Mnk Mankey
100%
Mwth Meowth
100%
Mw Mew
100%
Mwtw Mewtwo
100%
Mr. Mm Mr. Mime
100%
Ndqn Nidoqueen
100%
Ndrn Nidoran / Nidorina / Nidorino
100%
Nntls Ninetales
100%
nx Onix
100%
Prsct Parasect
100%
Plwrth Poliwrath
100%
Prgn Porygon
100%
Psdck Psyduck
100%
Rhdn Rhydon
100%
Shlldr Shellder
100%
Slwbr Slowbro
100%
Slwpk Slowpoke
100%
Sqrtl Squirtle
100%
Tntcrl Tentacruel
100%
Vprn Vaporeon
100%
Vltrb Voltorb
100%
Wdl Weedle
100%
Wpnbll Weepinbell
100%
Wzng Weezing
100%
Zpds Zapdos
100%
Pdgtt Pidgeotto
88%
Pnsr Pinsir
80%
Rpdsh Rapidash
80%
Sndshrw Sandshrew
80%
Sndslsh Sandslash
80%
Skng Seaking
80%
Chrzrd Charizard
75%
Ddr Dodrio
75%
Gngr Gengar
75%
Glm Gloom / Golem
75%
Hrs Horsea
75%
Plwg Poliwag
75%
Rch Raichu
75%
Rhhrn Rhyhorn
75%
Trs Tauros
75%
Vnmth Venomoth
75%
ddsh Oddish
71%
rdctl Aerodactyl
67%
Bdrll Beedrill
67%
Blbsr Bulbasaur
67%
Drgnt Dragonite
67%
Jgglpff Jigglypuff
67%
Jnx Jynx
67%
Mchmp Machamp
67%
Mrwk Marowak
67%
Pdgt Pidgeot
67%
Prmp Primeape
67%
Sprw Spearow
67%
Vctrbl Victreebel
67%
Pdg Pidgey
60%
Bttrfr Butterfree
50%
Chns Chansey
50%
Clstr Cloyster
50%
Cbn Cubone
50%
Dd Doduo
50%
Drwz Drowzee
50%
Frftch'd Farfetch'd
50%
Flrn Flareon
50%
Grmr Grimer
50%
Grds Gyarados
50%
Hntr Haunter
50%
Kbt Kabuto
50%
Kkn Kakuna
50%
Krbb Krabby
50%
Mgmr Magmar
50%
Mltrs Moltres
50%
Mk Muk
50%
mnt Omanyte
50%
mstr Omastar
50%
Prsn Persian
50%
Pkch Pikachu
50%
Plwhrl Poliwhirl
50%
Pnt Ponyta
50%
Rtct Raticate
50%
Scthr Scyther
50%
Sl Seel
50%
Vnnt Venonat
50%
Vlplm Vileplume
50%
Vlpx Vulpix
50%
Wggltff Wigglytuff
50%
Dwgng Dewgong
33%
lctbzz Electabuzz
33%
Grvlr Graveler
33%
Ndkng Nidoking
33%
Strm Starmie
33%
Str Staryu
33%
br Abra
0%
rcnn Arcanine
0%
Ctrp Caterpie
0%
Drtn Dratini
0%
Dgtr Dugtrio
0%
v Eevee
0%
Gdd Geodude
0%
Htmnchn Hitmonchan
0%
Hpn Hypno
0%
vsr Ivysaur
0%
Lprs Lapras
0%
Mgnmt Magnemite
0%
Mtpd Metapod
0%
Prs Paras
0%
Rttt Rattata
0%
Sdr Seadra
0%
Snrlx Snorlax
0%
Tngl Tangela
0%
Tntcl Tentacool
0%
Vnsr Venusaur
0%
Wrtrtl Wartortle
0%
Zbt Zubat
0%
No matching quizzes found
Score Distribution
Percent of People with Each Score
Percentile by Number Answered
Your Score History
You have not taken this quiz